000
00331nam a2200145Ia 4500
008
230524s9999 xx 000 0 und d
020
_a
9788126511174
100
_a
Stephen Gasiorowicz
245
0
_a
Quantum Physics
250
_a
3rd ed.
260
_b
Wiley
500
_a
Quantity Number: 2
650
_a
Physics
942
_c
BK
999
_c
51277
_d
51277